12 qui tắc sinh lợi đồng tiền

Phải chuyển số PL về nơi thích hợp hơn

保存先:
書誌詳細
第一著者: Herbert N Casson
フォーマット: 図書
言語:Undetermined
出版事項: Tp. HCM Nxb. Tp. HCM 1998
主題:
タグ: タグ追加
タグなし, このレコードへの初めてのタグを付けませんか!
Thư viện lưu trữ: Trung tâm Học liệu Trường Đại học Cần Thơ
LEADER 00583nam a2200181Ia 4500
001 CTU_32871
008 210402s9999 xx 000 0 und d
082 |a 658.47 
082 |b C345 
100 |a Herbert N Casson 
245 0 |a 12 qui tắc sinh lợi đồng tiền 
245 0 |c Herbert N Casson; Dịch giả: Nguyễn Kỳ Anh 
260 |a Tp. HCM 
260 |b Nxb. Tp. HCM 
260 |c 1998 
520 |a Phải chuyển số PL về nơi thích hợp hơn 
650 |a business intelligence 
980 |a Trung tâm Học liệu Trường Đại học Cần Thơ